Minecraft Youtubers By Minecraft Skin - Statistics

General Stats
  • This quiz has been taken 286 times
  • The average score is 9 of 12
Answer Stats
Picture Answer % Correct
Dream
99%
Technoblade
97%
GeorgeNotFound
80%
Skeppy
78%
BadBoyHalo
74%
Sapnap
73%
Mumbo Jumbo
72%
DanTDM
71%
Karl
63%
Camman18
59%
MrBeast Gaming
53%
Wallibear
48%
No matching quizzes found
Score Distribution
Percent of People with Each Score
Percentile by Number Answered
Your Score History
You have not taken this quiz